000 01770nam a2200445Ii 4500
001 DIGRVRT0034
003 NyNyDIG
006 m o d
007 cr |||||||||||
008 210625s2010 sp a ob 000 0 spa d
035 _a(OCoLC)1011214541
040 _aDGITA
_beng
_erda
_epn
_cDGITA
020 _a9788429192834
_qeBook
_qpdf
020 _z9788429132014
050 1 4 _aTH455 ebook
082 0 4 _a692.5
100 1 _aValderrama, Fernando,
_eauthor.
245 1 0 _aMediciones y presupuestos :
_bpara arquitectos e ingenieros de edificación /
_cFernando Valderrama ; prólogo, Federico García Erviti ; edición, Jorge Sainz.
264 1 _aBarcelona :
_bEditorial Reverté,
_c[2010]
300 _a1 online resource :
_billustrations.
336 _atext
_btxt
_2rdacontent
337 _acomputer file
_bc
_2rdamedia
338 _aonline resource
_bcr
_2rdacarrier
347 _atext file
_2rdaft
347 _bPDF
490 1 _aManuales universitarios de edificación ;
_v1
504 _aIncludes bibliographical references.
588 0 _aOnline resource; title from PDF title page (Digitalia, viewed June 25, 2021)
650 0 _aBuilding materials.
655 0 _aElectronic books.
700 1 _aGarcía Erviti, Federico,
_d1949-
_econtributor agent of text.
700 1 _aSainz, Jorge,
_eeditor.
776 0 8 _iPrint version:
_aValderrama, Fernando.
_tMediciones y presupuestos.
_dBarcelona : Editorial Reverté, 2010
_z9788429132014
791 2 _aDigitalia (Firm),
_edistributor.
793 0 _gDigitalia eBook Collection:
_aEditorial Reverté
830 0 _aManuales universitarios de edificación ;
_v1.
856 4 0 _3Digitalia Hispánica
_uhttps://www.digitaliapublishing.com/a/67858/
910 _aPremium collection: 2021
942 _cRAA
999 _c262032
_d262032